Toutes les victoires d'Andy Murray sur le circuit ATP - Statistiques

Statistiques générales
  • Ce quiz a été pris 123 fois
    96 depuis la dernière actualisation
  • Le résultat moyen est 58 sur 252
Statistiques - réponses
Nationalité Joueurs Nombre de victoires Année de la dernière victoire % Correct
Espagne Rafael Nadal 7 2016
98%
Chine Yecong Mo 1 2023
96%
Serbie Novak Djokovic 11 2016
95%
Suisse Roger Federer 11 2013
95%
France Gaël Monfils 4 2014
93%
France Jo-Wilfried Tsonga 14 2016
93%
Suisse Stan Wawrinka 13 2022
87%
Croatie Marin Cilic 12 2016
85%
France Richard Gasquet 9 2021
82%
Espagne David Ferrer 14 2016
78%
France Gilles Simon 16 2016
76%
Japon Kei Nishikori 9 2017
73%
Italie Jannik Sinner 1 2021
71%
Autriche Dominic Thiem 3 2022
69%
Allemagne Alexander Zverev 3 2023
67%
Allemagne Mischa Zverev 1 2015
67%
Canada Milos Raonic 9 2016
65%
République Tchèque Tomas Berdych 11 2017
65%
Belgique David Goffin 8 2024
64%
Argentine Juan Martin Del Potro 7 2017
64%
Espagne Carlos Alcaraz 1 2021
62%
Bulgarie Grigor Dimitrov 8 2016
62%
Australie Nick Kyrgios 6 2022
62%
Etats-Unis John Isner 8 2016
60%
Espagne Roberto Bautista-Agut 3 2016
60%
Russie Andrey Rublev 1 2017
56%
Etats-Unis Andy Roddick 8 2011
56%
Italie Fabio Fognini 4 2017
55%
Etats-Unis Frances Tiafoe 2 2021
55%
Grèce Stefanos Tsitsipas 1 2022
55%
Afrique du Sud Kevin Anderson 6 2016
51%
Australie Lleyton Hewitt 1 2006
51%
Canada Denis Shapovalov 2 2024
47%
Espagne Fernando Verdasco 13 2017
45%
Espagne Juan Carlos Ferrero 3 2009
45%
France Lucas Pouille 4 2017
45%
Kazakhstan Alexander Bublik 3 2022
44%
France Alexandre Müller 2 2024
44%
France Benoît Paire 3 2021
44%
Luxembourg Gilles Müller 6 2017
44%
Chypre Marcos Baghdatis 5 2012
44%
Espagne Feliciano Lopez 11 2017
42%
Russie Nikokay Davydenko 6 2011
42%
Croatie Borna Coric 2 2015
40%
France Nicolas Mahut 5 2016
40%
Suède Robin Söderling 3 2010
40%
Japon Yoshihito Nishioka 1 2020
40%
France Adrian Mannarino 3 2021
38%
Jamaïque Dustin Brown 2 2017
38%
France Michaël Llodra 4 2013
38%
Espagne Nicolas Almagro 5 2017
38%
France Paul-Henri Mathieu 6 2014
38%
République Tchèque Radek Stepanek 7 2016
38%
Royaume-Uni Cameron Norrie 1 2019
36%
Italie Matteo Berrettini 3 2024
36%
France Pierre-Hugues Herbert 1 2016
36%
France Sébastien Grosjean 1 2008
36%
Espagne Carlos Moya 2 2008
35%
Lettonie Ernests Gulbis 5 2010
35%
Pologne Hubert Hurkacz 1 2021
35%
Portugal João Sousa 7 2016
35%
France Julien Benneteau 5 2014
35%
France Corentin Moutet 1 2023
33%
Etats-Unis James Blake 2 2009
33%
France Jérémy Chardy 9 2017
33%
Taïwan Lu Yen-Hsun 4 2016
33%
Etats-Unis Mardy Fish 5 2015
33%
Allemagne Tommy Haas 2 2008
33%
France Ugo Humbert 2 2021
33%
Australie Alexei Popyrin 1 2024
31%
France Arnaud Clément 1 2009
31%
Serbie Janko Tipsarevic 5 2012
31%
Russie Karen Khachanov 1 2017
31%
Géorgie Nikoloz Basilashvili 3 2022
31%
Australie Thanasi Kokkinakis 2 2023
31%
Serbie Viktor Troicki 8 2016
31%
Italie Andreas Seppi 8 2016
29%
Ukraine Alexandr Dolgopolov 4 2012
27%
Argentine David Nalbandian 5 2012
27%
France Fabrice Santoro 2 2008
27%
Chili Fernando Gonzalez 1 2006
27%
Croatie Ivo Karlovic 7 2016
27%
Russie Mikhaïl Youzhny 4 2013
27%
Uruguay Pablo Cuevas 3 2019
27%
Allemagne Philipp Kohlschreiber 5 2017
27%
Etats-Unis Sam Querrey 8 2022
27%
Pays-Bas Tallon Griekspoor 1 2019
27%
France Edouard Roger-Vasselin 3 2014
25%
Italie Lorenzo Sonego 2 2023
25%
Israël Andy Ram 1 2006
24%
Ouzbékistan Denis Istomin 3 2016
24%
Autriche Gerald Melzer 1 2017
24%
Autriche Jürgen Melzer 7 2014
24%
Royaume-Uni Tim Henman 3 2007
24%
Espagne Tommy Robredo 6 2015
24%
Croatie Ivan Ljubicic 4 2011
22%
Finlande Jarkko Nieminen 5 2012
22%
Argentine Juan Monaco 5 2016
22%
Etats-Unis Reilly Opelka 1 2022
22%
Espagne Alberto Martin 1 2007
20%
Espagne Alejandro Davidovich Fokina 1 2022
20%
Argentine Francisco Cerundolo 1 2022
20%
Allemagne Jan-Lennard Struff 1 2014
20%
Royaume-Uni Kyle Edmund 3 2018
20%
Pays-Bas Robin Haase 5 2021
20%
Japon Taro Daniel 3 2022
20%
Canada Vasek Pospisil 5 2021
20%
Chine Zhang Zhizhen 1 2018
20%
Belgique Christophe Rochus 1 2007
18%
Espagne Marcel Granollers 7 2016
18%
Slovaquie Martin Klizan 2 2017
18%
Kazakhstan Mikhaïl Kukushkin 4 2016
18%
Belgique Olivier Rochus 1 2008
18%
Moldavie Radu Albot 1 2023
18%
Belgique Xavier Malisse 4 2011
18%
Australie Bernard Tomic 5 2016
16%
Pologne Jerzy Janowicz 4 2014
16%
République Tchèque Lukas Rosol 3 2016
16%
Suède Thomas Johansson 2 2008
16%
Brésil Thomaz Bellucci 1 2015
16%
Colombie Alejandro Falla 2 2012
15%
Kazakhstan Andrey Golubev 2 2014
15%
Russie Dmitri Tursunov 5 2008
15%
Argentine Federico Delbonis 1 2022
15%
Allemagne Florian Mayer 3 2013
15%
République Tchèque Jiri Lehecka 1 2023
15%
Argentine Leonardo Mayer 2 2013
15%
Biélorussie Max Mirnyi 3 2007
15%
Lituanie Ricardas Berankis 1 2013
15%
Ukraine Sergiy Stakhovsky 4 2012
15%
France Stéphane Robert 1 2014
15%
Espagne Guillermo Garcia-Lopez 3 2017
13%
Taïwan Jimmy Wang 1 2006
13%
Tunisie Malek Jaziri 1 2017
13%
Chili Nicolas Massu 2 2009
13%
Thaïlande Paradorn Srichaphan 1 2005
13%
Italie Simone Bolelli 3 2011
13%
Etats-Unis Steve Johnson 3 2016
13%
Roumanie Victor Hanescu 2 2010
13%
Espagne Albert Ramos-Viñolas 1 2017
11%
Allemagne Benjamin Becker 2 2013
11%
Croatie Ivan Dodig 2 2013
11%
Argentine Juan Ignacio Chela 7 2011
11%
Argentine Juan Ignacio Londero 1 2019
11%
Slovaquie Karol Beck 1 2011
11%
Slovaquie Lukas Lacko 3 2014
11%
Croatie Mario Ancic 2 2009
11%
Roumanie Marius Copil 3 2019
11%
France Mathias Bourgue 1 2016
11%
Espagne Pablo Andujar 1 2014
11%
Allemagne Rainer Schüttler 2 2008
11%
Colombie Santiago Giraldo 3 2015
11%
Espagne Albert Montañés 4 2010
9%
Etats-Unis Alex Bogomolov Jr 3 2012
9%
Slovénie Aljaz Bedene 1 2016
9%
Argentine Carlos Berlocq 1 2013
9%
Portugal Frederico Gil 1 2011
9%
Corée du Sud Huyng-Taik Lee 1 2007
9%
Ukraine Illya Marchenko 2 2017
9%
Australie John Millman 2 2016
9%
Suède Jonas Björkman 1 2007
9%
Argentine José Acasuso 1 2008
9%
Etats-Unis Mackenzie McDonald 1 2018
9%
Italie Potito Starace 2 2011
9%
Etats-Unis Ryan Harrison 1 2012
9%
Autriche Stefan Koubek 1 2007
9%
Japon Tastuma Ito 1 2012
9%
Allemagne Yannick Hanfmann 1 2023
9%
Roumanie Andrei Pavel 2 2009
7%
Slovénie Blaz Rola 1 2014
7%
Etats-Unis Brandon Nakashima 1 2023
7%
Etats-Unis Donald Young 5 2015
7%
Canada Frank Dancevic 1 2007
7%
Argentine Guido Pella 1 2016
7%
Argentine Guillermo Cañas 1 2007
7%
Australie James Duckworth 3 2022
7%
République Tchèque Jiri Vesely 1 2014
7%
France Marc Gicquel 2 2010
7%
Suisse Marco Chiudinelli 1 2012
7%
Australie Matthew Ebden 2 2014
7%
Allemagne Michael Berrer 3 2012
7%
Allemagne Oscar Otte 1 2021
7%
Italie Paolo Lorenzi 2 2016
7%
Etats-Unis Robby Ginepri 3 2006
7%
Russie Roman Safiullin 1 2022
7%
Belgique Ruben Bemelmans 1 2015
7%
Australie Sam Groth 1 2016
7%
Inde Somdev Devvarman 2 2014
7%
Etats-Unis Tennys Sandgren 1 2019
7%
Géorgie Teymuraz Gabashvili 1 2014
7%
Argentine Tomas Martin Etcheverry 2 2024
7%
Russie Andrey Kuznetsov 3 2017
5%
Russie Evgeny Donskoy 1 2013
5%
Kazakhstan Evgeny Korolev 1 2007
5%
Italie Filippo Volandri 2 2008
5%
Hongrie Gyorgy Balazs 1 2011
5%
Royaume-Uni Liam Broady 1 2016
5%
Australie Marinko Matosevic 3 2015
5%
Argentine Pedro Cachin 1 2022
5%
Etats-Unis Taylor Dent 3 2009
5%
Etats-Unis Tim Smyczek 1 2010
5%
Chine Yan Bai 1 2010
5%
Inde Yuki Bhambri 1 2015
5%
Autriche Alexander Peya 1 2008
4%
Australie Christopher O'Connell 2 2022
4%
Espagne Daniel Gimeno-Traver 2 2011
4%
Etats-Unis Denis Kudla 1 2021
4%
Etats-Unis Emilio Nava 1 2022
4%
France Eric Prodon 1 2011
4%
Argentine Facundo Argüello 1 2015
4%
France Florent Serra 1 2010
4%
Japon Go Soeda 1 2014
4%
Russie Igor Kunitsyn 1 2010
4%
République Tchèque Jan Hajek 1 2010
4%
France Jonathan Eysseric 1 2008
4%
Etats-Unis Kevin Kim 1 2007
4%
Belgique Kimmer Coppejans 1 2019
4%
Suisse Leandro Riedi 1 2023
4%
Allemagne Matthias Bachinger 1 2014
4%
Australie Max Purcell 2 2023
4%
Etats-Unis Michael Russell 1 2010
4%
Etats-Unis Noah Rubin 1 2021
4%
Chili Paul Capdeville 1 2009
4%
Afrique du Sud Rik De Voest 1 2006
4%
Etats-Unis Robert Kendrick 4 2009
4%
Hongrie Sebo Kiss 1 2011
4%
Norvège Viktor Durasovic 2 2022
4%
Afrique du Sud Wesley Moodie 1 2007
4%
Italie Alessio Di Mauro 1 2006
2%
Kazakhstan Dmitry Popko 1 2022
2%
Italie Flavio Cipolla 1 2012
2%
Suisse George Bastl 2 2005
2%
France Grégory Carraz 1 2005
2%
Espagne Ivan Navarro 2 2010
2%
Pays-Bas Jesse Huta Galung 1 2008
2%
Danemark Kristian Pless 2 2007
2%
Luxembourg Laurent Bram 1 2011
2%
République Tchèque Lukas Dlouhy 1 2007
2%
Qatar Mousa Zayed 1 2014
2%
Etats-Unis Paul Goldstein 1 2007
2%
Allemagne Philipp Petzchner 1 2009
2%
Pays-Bas Raemon Sluiter 1 2007
2%
Paraguay Ramon Delgado 1 2006
2%
Brésil Ricardo Mello 1 2006
2%
Croatie Roko Karanusic 1 2007
2%
Royaume-Uni Ryan Peniston 1 2023
2%
Espagne Santiago Ventura 1 2005
2%
Argentine Sergio Roitman 1 2008
2%
Allemagne Tobias Kamke 1 2011
2%
Grèce Vasilis Mazarakis 1 2006
2%
France Vincent Millot 1 2014
2%
Pologne Michal Przysiezny 1 2009
0%
Aucun quiz correspondant
Distribution des résultats
% des personnes avec chaque résultat
Percentile par nombre de réponses
Votre historique - résultats
Vous n’avez pas pris ce quiz depuis la dernière actualisation